|
|
|
|
| LEADER |
02849nam a2200601 4500 |
| 001 |
978-3-540-44945-4 |
| 003 |
DE-He213 |
| 005 |
20191023202337.0 |
| 007 |
cr nn 008mamaa |
| 008 |
121227s2003 gw | s |||| 0|eng d |
| 020 |
|
|
|a 9783540449454
|9 978-3-540-44945-4
|
| 024 |
7 |
|
|a 10.1007/b12166
|2 doi
|
| 040 |
|
|
|d GrThAP
|
| 050 |
|
4 |
|a QA351
|
| 072 |
|
7 |
|a PBKF
|2 bicssc
|
| 072 |
|
7 |
|a MAT034000
|2 bisacsh
|
| 072 |
|
7 |
|a PBKF
|2 thema
|
| 082 |
0 |
4 |
|a 515.5
|2 23
|
| 245 |
1 |
0 |
|a Orthogonal Polynomials and Special Functions
|h [electronic resource] :
|b Leuven 2002 /
|c edited by Erik Koelink, Walter Van Assche.
|
| 250 |
|
|
|a 1st ed. 2003.
|
| 264 |
|
1 |
|a Berlin, Heidelberg :
|b Springer Berlin Heidelberg :
|b Imprint: Springer,
|c 2003.
|
| 300 |
|
|
|a X, 250 p.
|b online resource.
|
| 336 |
|
|
|a text
|b txt
|2 rdacontent
|
| 337 |
|
|
|a computer
|b c
|2 rdamedia
|
| 338 |
|
|
|a online resource
|b cr
|2 rdacarrier
|
| 347 |
|
|
|a text file
|b PDF
|2 rda
|
| 490 |
1 |
|
|a Lecture Notes in Mathematics,
|x 0075-8434 ;
|v 1817
|
| 505 |
0 |
|
|a Computer Algebra Algorithms for Orthogonal Polynomials and Special Functions -- 3nj-Coefficients and Orthogonal Polynomials of Hypergeometric Type -- Dunkl Operators: Theory and Applications -- Enumeration and Special Functions -- Riemann-Hilbert Analysis for Orthogonal Polynomials -- Exponential Asymptotics.
|
| 650 |
|
0 |
|a Special functions.
|
| 650 |
|
0 |
|a Computer mathematics.
|
| 650 |
|
0 |
|a Topological groups.
|
| 650 |
|
0 |
|a Lie groups.
|
| 650 |
|
0 |
|a Combinatorics.
|
| 650 |
|
0 |
|a Differential equations.
|
| 650 |
|
0 |
|a Fourier analysis.
|
| 650 |
1 |
4 |
|a Special Functions.
|0 http://scigraph.springernature.com/things/product-market-codes/M1221X
|
| 650 |
2 |
4 |
|a Computational Science and Engineering.
|0 http://scigraph.springernature.com/things/product-market-codes/M14026
|
| 650 |
2 |
4 |
|a Topological Groups, Lie Groups.
|0 http://scigraph.springernature.com/things/product-market-codes/M11132
|
| 650 |
2 |
4 |
|a Combinatorics.
|0 http://scigraph.springernature.com/things/product-market-codes/M29010
|
| 650 |
2 |
4 |
|a Ordinary Differential Equations.
|0 http://scigraph.springernature.com/things/product-market-codes/M12147
|
| 650 |
2 |
4 |
|a Fourier Analysis.
|0 http://scigraph.springernature.com/things/product-market-codes/M12058
|
| 700 |
1 |
|
|a Koelink, Erik.
|e editor.
|4 edt
|4 http://id.loc.gov/vocabulary/relators/edt
|
| 700 |
1 |
|
|a Van Assche, Walter.
|e editor.
|4 edt
|4 http://id.loc.gov/vocabulary/relators/edt
|
| 710 |
2 |
|
|a SpringerLink (Online service)
|
| 773 |
0 |
|
|t Springer eBooks
|
| 776 |
0 |
8 |
|i Printed edition:
|z 9783540403753
|
| 776 |
0 |
8 |
|i Printed edition:
|z 9783662190548
|
| 830 |
|
0 |
|a Lecture Notes in Mathematics,
|x 0075-8434 ;
|v 1817
|
| 856 |
4 |
0 |
|u https://doi.org/10.1007/b12166
|z Full Text via HEAL-Link
|
| 912 |
|
|
|a ZDB-2-SMA
|
| 912 |
|
|
|a ZDB-2-LNM
|
| 912 |
|
|
|a ZDB-2-BAE
|
| 950 |
|
|
|a Mathematics and Statistics (Springer-11649)
|